Statistics for Zodiac Signs Quiz #8

Click here to take the quiz!

General Stats

  • This quiz has been taken 121 times
  • The average score is 10 of 12

Answer Stats

HintAnswer% Correct
The ScalesLibra
95%
Sign after GeminiCancer
92%
The VirginVirgo
90%
The ScorpionScorpio
89%
Sign before TaurusAries
85%
1st Mutable SignGemini
85%
Sign after CapricornAquarius
84%
5th SignLeo
84%
4th Cardinal SignCapricorn
79%
Opposite of GeminiSagittarius
78%
Libra and __ are ruled by VenusTaurus
78%
Justin Bieber is this SignPisces
77%

Score Distribution

Percentile by Number Answered

Percent of People with Each Score

Your Score History

You have not taken this quiz